000 00320nam a2200133Ia 4500
008 150201s2008 xx 000 0 und d
082 _a614.1
_bP08G
100 _aGANDHI,NEERAJ
245 _aPHARMACEUTICAL JURISPRUDENCE
250 _a1ST
260 _bCBS
_aDELHI
_c2008
650 _aFORENSIC MEDICINE
942 _2ddc
_cBK
999 _c1192
_d1192